000 00284nam a22001337a 4500
003 SGT
082 _a615.53
_bC123
100 _aSASTRI, KASINATHA
245 _aTHE CARAKA SAMHITA
260 _aVARANASI
_bCHAUKHAMBHA PUB
_c2012
300 _a920
650 _aAYURVEDA
942 _2ddc
_cBK
999 _c8552
_d8552